| 000 | 00371nam a22001337a 4500 | ||
|---|---|---|---|
| 020 | _a0-07-014637-3 | ||
| 082 | _a629.244 CRO'A | ||
| 100 |
_aCROUSE, W. H,ANGLIN, D. L _967306 |
||
| 245 | _aAUTOMOTIVE TRANSMISSIONS AND POWER TRAINS CONSTRUCTION OPERATION AND MAINTENANCE | ||
| 250 | _a5TH | ||
| 260 |
_aNEWYORK _bMCGRAW HILL _c1976 |
||
| 300 | _aXVI, 381P | ||
| 942 | _cBK | ||
| 999 |
_c582699 _d582699 |
||